[Event "Lovfalds 12th E"]
[Site "Ringsted"]
[Date "1998.09.19"]
[Round "3"]
[White "Nikolajsen, Martin"]
[Black "Kristensen, Leif Sogaard"]
[Result "1-0"]
[WhiteElo "1455"]
[BlackElo "1424"]
[PlyCount "105"]
[EventDate "1998.09.18"]
[EventType "tourn"]
[EventRounds "5"]
[EventCountry "DEN"]
[SourceTitle "EXT 2023"]
[Source "ChessBase"]
[SourceDate "2022.10.05"]
[SourceVersion "1"]
[SourceVersionDate "2022.10.05"]
[SourceQuality "1"]

1. e4 c5 2. Nf3 d6 3. Nc3 a6 4. d4 cxd4 5. Nxd4 Nf6 6. Bd3 e6 7. 0-0 Be7 8. Nf3 Nbd7 9. Re1 Qc7 10. Bf4 b5 11. a3 Bb7 12. e5 dxe5 13. Nxe5 Nxe5 14. Bxe5 Bd6 15. Bxd6 Qxd6 16. Bxb5+ Ke7 17. Qxd6+ Kxd6 18. Bd3 h5 19. Ne4+ Nxe4 20. Bxe4 Bxe4 21. Rxe4 Rhc8 22. Rd1+ Ke7 23. Rd2 Rab8 24. Rb4 Ra8 25. Kf1 Rc7 26. Ke1 Rac8 27. Kd1 a5 28. Rb5 Rc5 29. Rxc5 Rxc5 30. b3 Rd5 31. c4 Rc5 32. Kc2 h4 33. h3 e5 34. Kc3 f5 35. Rd5 Rxd5 36. cxd5 Kd6 37. Kc4 g5 38. b4 axb4 39. axb4 e4 40. Kd4 g4 41. hxg4 fxg4 42. Kxe4 h3 43. gxh3 gxh3 44. Kf3 Kxd5 45. Kg3 h2 46. Kxh2 Kc4 47. Kg3 Kxb4 48. Kg4 Kc5 49. Kg5 Kd6 50. f4 Ke7 51. Kg6 Kf8 52. Kf6 Kg8 53. Ke7 1-0

[Event "Lovsprings op 10th C"]
[Site "Ringsted"]
[Date "1998.04.17"]
[Round "4"]
[White "Petersen, Torben William"]
[Black "Nikolajsen, Martin"]
[Result "1/2-1/2"]
[WhiteElo "1398"]
[BlackElo "1315"]
[PlyCount "64"]
[EventDate "1998.03.13"]
[EventType "swiss"]
[EventRounds "7"]
[EventCountry "DEN"]
[SourceTitle "EXT 2023"]
[Source "ChessBase"]
[SourceDate "2022.10.05"]
[SourceVersion "1"]
[SourceVersionDate "2022.10.05"]
[SourceQuality "1"]

1. d4 d5 2. c4 e6 3. Nc3 Nf6 4. cxd5 exd5 5. Bg5 c6 6. e3 Nbd7 7. Nf3 h6 8. Bh4 Bb4 9. a3 Bxc3+ 10. bxc3 Qa5 11. Qb3 Ne4 12. Qb4 Qxb4 13. cxb4 0-0 14. Rc1 a6 15. Be2 f6 16. Nd2 Nxd2 17. Kxd2 Nb6 18. Bg3 Bd7 19. Bd6 Rfc8 20. Bc5 Na4 21. Bd1 Nxc5 22. Rxc5 b6 23. Rc1 a5 24. bxa5 Rxa5 25. a4 c5 26. dxc5 Rcxc5 27. Rxc5 bxc5 28. Bb3 c4 29. Bc2 Ra8 30. Ra1 Kf7 31. Kc3 Ke6 32. e4 dxe4 1/2-1/2

[Event "Lovsprings op 10th C"]
[Site "Ringsted"]
[Date "1998.03.20"]
[Round "2"]
[White "Nikolajsen, Martin"]
[Black "Kroyer, Stefan M"]
[Result "0-1"]
[WhiteElo "1315"]
[BlackElo "1601"]
[PlyCount "126"]
[EventDate "1998.03.13"]
[EventType "swiss"]
[EventRounds "7"]
[EventCountry "DEN"]
[SourceTitle "EXT 2023"]
[Source "ChessBase"]
[SourceDate "2022.10.05"]
[SourceVersion "1"]
[SourceVersionDate "2022.10.05"]
[SourceQuality "1"]

1. d4 c6 2. Nf3 d5 3. c4 e6 4. c5 Nd7 5. Bd2 e5 6. Nxe5 Nxe5 7. dxe5 Bxc5 8. g3 Qb6 9. e3 Qxb2 10. Nc3 Bb6 11. a4 Ba5 12. Rb1 Qa3 13. Rb3 Qc5 14. Bg2 Be6 15. 0-0 Ne7 16. Qe1 d4 17. Ne4 Bxd2 18. Qxd2 Qxe5 19. exd4 Qc7 20. Rb2 0-0 21. Nc5 b6 22. Nxe6 fxe6 23. Rc2 Rad8 24. Rfc1 Rd6 25. Qe2 Nf5 26. Qe5 Nxd4 27. Rd2 Rf5 28. Qe3 Qd7 29. Rb2 c5 30. a5 Rf8 31. axb6 axb6 32. Qe5 Nf3+ 33. Bxf3 Rxf3 34. Qe2 Rf8 35. Rcb1 Rb8 36. Rb5 Rd2 37. Qe1 Qd6 38. Rxb6 Rxb6 39. Rxb6 Qxb6 40. Qxd2 c4 41. Qd7 Qb1+ 42. Kg2 Qe4+ 43. Kg1 h6 44. Qe8+ Kh7 45. Qc8 Qe1+ 46. Kg2 c3 47. Qc6 Qe5 48. Kf1 Qd4 49. Qxe6 Qd3+ 50. Qe2 Qb1+ 51. Kg2 Qf5 52. Kf1 c2 53. Qd2 Qb5+ 54. Kg2 Qc6+ 55. f3 c1Q 56. Qd3+ Qg6 57. Qd4 Qcc2+ 58. Kg1 Qb1+ 59. Kg2 Qa2+ 60. Kh3 Qf5+ 61. Qg4 Qxg4+ 62. fxg4 Qc4 63. Kh4 g5+ 0-1

[Event "Lovsprings op 09th E"]
[Site "Ringsted"]
[Date "1997.05.16"]
[Round "7"]
[White "Nielsen, Poul"]
[Black "Nikolajsen, Martin"]
[Result "0-1"]
[WhiteElo "1202"]
[BlackElo "1268"]
[PlyCount "86"]
[EventDate "1997.03.14"]
[EventType "swiss"]
[EventRounds "7"]
[EventCountry "DEN"]
[SourceTitle "EXT 2023"]
[Source "ChessBase"]
[SourceDate "2022.10.05"]
[SourceVersion "1"]
[SourceVersionDate "2022.10.05"]
[SourceQuality "1"]

1. d4 d5 2. Bf4 Bf5 3. e3 e6 4. Nf3 Nf6 5. Bd3 Ne4 6. Nbd2 Nxd2 7. Qxd2 Bg6 8. Bxg6 hxg6 9. Qc3 Nc6 10. a3 Bd6 11. Be5 f6 12. Bxd6 Qxd6 13. 0-0-0 g5 14. Qd3 Kf7 15. h3 Na5 16. Nd2 Rab8 17. e4 Nc6 18. Nf3 Qf4+ 19. Qe3 dxe4 20. Qxf4 gxf4 21. Ne1 Rbd8 22. c3 e5 23. d5 Ne7 24. c4 Rd6 25. Kc2 Rhd8 26. f3 e3 27. Nd3 c6 28. Nc5 Rb8 29. Ne4 Rdd8 30. d6 Nf5 31. d7 Nd4+ 32. Kb1 Rxd7 33. Rd3 b6 34. Rc1 c5 35. b4 cxb4 36. axb4 Rc8 37. c5 bxc5 38. bxc5 e2 39. Nd6+ Rxd6 40. Rdc3 Rb8+ 41. Ka2 Ra6+ 42. Ra3 Rxa3+ 43. Kxa3 e1Q 0-1

[Event "Lovsprings op 09th E"]
[Site "Ringsted"]
[Date "1997.04.11"]
[Round "4"]
[White "Orup, Kim"]
[Black "Nikolajsen, Martin"]
[Result "0-1"]
[WhiteElo "1223"]
[BlackElo "1268"]
[PlyCount "56"]
[EventDate "1997.03.14"]
[EventType "swiss"]
[EventRounds "7"]
[EventCountry "DEN"]
[SourceTitle "EXT 2023"]
[Source "ChessBase"]
[SourceDate "2022.10.05"]
[SourceVersion "1"]
[SourceVersionDate "2022.10.05"]
[SourceQuality "1"]

1. e4 e5 2. Bc4 Bc5 3. Nf3 Qf6 4. d3 h6 5. Nc3 Ne7 6. 0-0 0-0 7. Qe2 d6 8. Be3 Bb6 9. Bxb6 axb6 10. a3 Bg4 11. Qe3 Kh8 12. Rad1 Qg6 13. Rfe1 f5 14. Nd5 Nxd5 15. exd5 Nd7 16. d4 exd4 17. Rxd4 Rae8 18. Qf4 Bxf3 19. Qxf3 Rxe1+ 20. Bf1 Qg5 21. Rd1 Ne5 22. Qc3 Rxd1 23. g3 Qc1 24. Qxc7 Rxf1+ 25. Kg2 Rg1+ 26. Kh3 Qf1+ 27. Kh4 g5+ 28. Kh5 Qh3# 0-1

[Event "Lovfalds 10th D"]
[Site "Ringsted"]
[Date "1996.09.21"]
[Round "3"]
[White "Petersen, Torben William"]
[Black "Nikolajsen, Martin"]
[Result "1-0"]
[WhiteElo "1327"]
[BlackElo "1299"]
[PlyCount "71"]
[EventDate "1996.09.20"]
[EventType "tourn"]
[EventRounds "5"]
[EventCountry "DEN"]
[SourceTitle "EXT 2023"]
[Source "ChessBase"]
[SourceDate "2022.10.05"]
[SourceVersion "1"]
[SourceVersionDate "2022.10.05"]
[SourceQuality "1"]

1. d4 d5 2. Nf3 Nf6 3. e3 Bf5 4. c4 e6 5. Nc3 Bb4 6. Qb3 Bxc3+ 7. bxc3 b6 8. cxd5 Qxd5 9. Bc4 Qe4 10. Ba3 Bg4 11. Be2 Qd5 12. c4 Qb7 13. 0-0 h5 14. h3 Bf5 15. c5 Ne4 16. Rfd1 g5 17. Rac1 g4 18. Nh4 gxh3 19. c6 Qc8 20. Nxf5 exf5 21. gxh3 f4 22. Qd5 Rg8+ 23. Kh2 Nxf2 24. Qe5+ Qe6 25. Qxe6+ fxe6 26. Bxh5+ Kd8 27. Rg1 Rh8 28. exf4 Nd3 29. Rc4 a5 30. d5 exd5 31. Rd4 Nb4 32. Bxb4 axb4 33. Rxd5+ Ke7 34. Rg7+ Ke6 35. Re5+ Kf6 36. Rf7# 1-0

[Event "Lovsprings op 08th E"]
[Site "Ringsted"]
[Date "1996.03.29"]
[Round "4"]
[White "Nikolajsen, Martin"]
[Black "Nielsen, Henning2222"]
[Result "1-0"]
[WhiteElo "1123"]
[BlackElo "1156"]
[PlyCount "75"]
[EventDate "1996.03.08"]
[EventType "swiss"]
[EventRounds "7"]
[EventCountry "DEN"]
[SourceTitle "EXT 2023"]
[Source "ChessBase"]
[SourceDate "2022.10.05"]
[SourceVersion "1"]
[SourceVersionDate "2022.10.05"]
[SourceQuality "1"]

1. e4 e5 2. Nf3 Nc6 3. Bb5 Nge7 4. d3 a6 5. Ba4 d6 6. Nc3 Bd7 7. Bg5 h6 8. Bh4 b5 9. Bb3 Na5 10. Nd5 Nxb3 11. axb3 c6 12. Ne3 Qc8 13. c4 b4 14. 0-0 Ng6 15. Bg3 Be7 16. c5 dxc5 17. Nxe5 Nxe5 18. Bxe5 0-0 19. Nc4 Qd8 20. Qf3 Be6 21. Qg3 Bf6 22. Bxf6 Qxf6 23. Qe5 Qd8 24. Rfd1 Qd4 25. Qxd4 cxd4 26. Na5 c5 27. Kf1 Rfb8 28. Rac1 Rb5 29. Nc4 Bxc4 30. Rxc4 f6 31. Rdc1 Rc8 32. Rxd4 cxd4 33. Rxc8+ Kf7 34. Rd8 Rb6 35. Rxd4 Ke6 36. Rc4 Ke5 37. Rc5+ Kd4 38. Rd5# 1-0

[Event "Lovsprings op 07th E"]
[Site "Ringsted"]
[Date "1995.03.31"]
[Round "4"]
[White "Abdi, Farhad"]
[Black "Nikolajsen, Martin"]
[Result "0-1"]
[WhiteElo "1100"]
[BlackElo "1098"]
[PlyCount "68"]
[EventDate "1995.03.10"]
[EventType "swiss"]
[EventRounds "7"]
[EventCountry "DEN"]
[SourceTitle "EXT 2023"]
[Source "ChessBase"]
[SourceDate "2022.10.05"]
[SourceVersion "1"]
[SourceVersionDate "2022.10.05"]
[SourceQuality "1"]

1. d4 d5 2. Nf3 Bg4 3. e3 e6 4. Be2 Nd7 5. Bd2 Ngf6 6. h3 Bxf3 7. Bxf3 c6 8. Nc3 Bb4 9. e4 Bxc3 10. Bxc3 Nxe4 11. Bxe4 dxe4 12. 0-0 Nf6 13. Bd2 Qxd4 14. c3 Qd5 15. Re1 0-0-0 16. Bg5 Qxg5 17. Qa4 Kb8 18. Rad1 Qb5 19. Qa3 Qb6 20. Rd6 Rxd6 21. Qxd6+ Qc7 22. Rd1 Qxd6 23. Rxd6 Kc7 24. Rd4 Rd8 25. Rxd8 Kxd8 26. Kf1 Kd7 27. Ke2 Kd6 28. Ke3 Kd5 29. Kd2 a5 30. Kc2 b5 31. a3 Nh5 32. Kb3 Nf4 33. a4 Nd3 34. axb5 cxb5 0-1

[Event "Lovfalds 08th G"]
[Site "Ringsted"]
[Date "1994.09.09"]
[Round "2"]
[White "Vilsgaard, Lars"]
[Black "Nikolajsen, Martin"]
[Result "1/2-1/2"]
[WhiteElo "1121"]
[BlackElo "1060"]
[PlyCount "104"]
[EventDate "1994.09.02"]
[EventType "swiss"]
[EventRounds "5"]
[EventCountry "DEN"]
[SourceTitle "EXT 2023"]
[Source "ChessBase"]
[SourceDate "2022.10.05"]
[SourceVersion "1"]
[SourceVersionDate "2022.10.05"]
[SourceQuality "1"]

1. e4 e5 2. Nf3 Nc6 3. Bb5 a6 4. Bxc6 dxc6 5. d3 Bg4 6. 0-0 Bc5 7. h3 Bxf3 8. Qxf3 Qf6 9. Qxf6 Nxf6 10. Bg5 Nh5 11. Nd2 0-0 12. Nb3 Bd4 13. c3 Ba7 14. Rad1 c5 15. Be7 Rfe8 16. Bxc5 b6 17. Be3 c5 18. c4 Nf4 19. Rfe1 Rad8 20. Kh2 Nxd3 21. Re2 Nb4 22. Rxd8 Rxd8 23. a3 Nc6 24. f3 h6 25. Kg3 Bb8 26. Kf2 Bc7 27. g3 Nd4 28. Bxd4 exd4 29. Rd2 h5 30. h4 f6 31. Rd3 g5 32. hxg5 fxg5 33. a4 a5 34. Kg2 Kg7 35. Nc1 Rh8 36. Ne2 Rf8 37. Ng1 Kg6 38. Ne2 Kh6 39. b3 Rg8 40. g4 h4 41. Kh3 Bb8 42. Kg2 Kg6 43. Kh3 Rh8 44. Nc1 Bf4 45. Ne2 Bb8 46. Rd1 Rd8 47. Nc1 Bf4 48. Nd3 Bb8 49. Rf1 Rh8 50. e5 Re8 51. Re1 Rf8 52. Rf1 Re8 1/2-1/2

[Event "Lovsprings op 06th F"]
[Site "Ringsted"]
[Date "1994.04.10"]
[Round "3"]
[White "Olsen, Anders2222"]
[Black "Nikolajsen, Martin"]
[Result "1-0"]
[WhiteElo "1100"]
[BlackElo "1100"]
[PlyCount "41"]
[EventDate "1994.03.27"]
[EventType "swiss"]
[EventRounds "7"]
[EventCountry "DEN"]
[SourceTitle "EXT 2023"]
[Source "ChessBase"]
[SourceDate "2022.10.05"]
[SourceVersion "1"]
[SourceVersionDate "2022.10.05"]
[SourceQuality "1"]

1. e4 e5 2. Nf3 Nc6 3. Bc4 Bc5 4. d3 h6 5. a3 Qf6 6. 0-0 Qg6 7. Bb5 Nd4 8. Nxe5 Qe6 9. Nf3 Qg4 10. Nbd2 Nf6 11. c3 Nxf3+ 12. Nxf3 0-0 13. Bc4 d6 14. d4 Bb6 15. e5 Nh5 16. h3 Qe4 17. Ng5 Qg6 18. Bd3 Bf5 19. Bxf5 Qxf5 20. Qxh5 Qxg5 21. Bxg5 1-0